[Event "1. OEsterreichische Internet Schach Meisterschaft - Vorrunde 2"]
[Site "Online - Playchess.com"]
[Date ""]
[Round "1"]
[Board "51"]
[White "Hatzl, Johannes"]
[Black "Iro, Christian"]
[Result "1-0"]
[WhiteElo "2131"]
[BlackElo "2081"]
[PlyCount "95"]
[EventDate "2020.04.13"]
[EventRounds "9"]
[EventCountry "AUT"]

1. d4 Nf6 2. Bf4 e6 3. e3 d5 4. c3 Bd6 5. Bg3 O-O 6. Nd2 c5 7. Ngf3 Nc6 8. Bd3 Qc7
9. dxc5 Bxg3 10. hxg3 a5 11. g4 g6 12. g5 Nd7 13. Nh2 Nxc5 14. Bc2 Qe5 15. Ndf3 Qg7
16. Ng4 Nd7 17. Nd4 e5 18. Nxc6 bxc6 19. Qf3 e4 20. Qg3 f5 21. gxf6 Nxf6 22. Nxf6+
Qxf6 23. Ba4 Bd7 24. Rd1 Rab8 25. Rd2 Be8 26. Qh3 Qf7 27. Bb3 Bd7 28. Qh4 Rbe8 29.
O-O Re5 30. Bd1 Qf6 31. Qxf6 Rxf6 32. c4 Be6 33. cxd5 cxd5 34. Bb3 Rh5 35. Rc1 Rf7
36. Rc5 Rd7 37. Rxa5 Kf7 38. Rc5 Kf6 39. a4 g5 40. a5 g4 41. a6 Ra7 42. Rc6 Ke5 43.
Bd1 Rg5 44. b4 Rgg7 45. b5 Bd7 46. Rc5 Be6 47. Be2 h5 48. b6  1-0

[Event "1. OEsterreichische Internet Schach Meisterschaft - Vorrunde 2"]
[Site "Online - Playchess.com"]
[Date ""]
[Round "1"]
[Board "53"]
[White "Schwabeneder, Alois"]
[Black "Kuecher, Wolfgang"]
[Result "1/2-1/2"]
[WhiteElo "2004"]
[BlackElo "2117"]
[PlyCount "64"]
[EventDate "2020.04.13"]
[EventRounds "9"]
[EventCountry "AUT"]

1. e4 g6 2. d4 Bg7 3. c3 d5 4. e5 c5 5. Nf3 Nc6 6. Bb5 Bg4 7. O-O Nh6 8. h3 Bxf3
9. Qxf3 O-O 10. Bxc6 bxc6 11. dxc5 f6 12. exf6 exf6 13. Bf4 Nf7 14. Qg3 a5 15. Na3
Qe7 16. Bd6 Nxd6 17. cxd6 Qd7 18. Nc2 f5 19. Rfe1 Rfd8 20. Nd4 Bxd4 21. cxd4 Qxd6
22. Qxd6 Rxd6 23. Re7 Rb8 24. b3 Rb4 25. Rae1 Rxd4 26. Ra7 Rd8 27. Ree7 Re4 28. Rxh7
d4 29. Rhg7+ Kf8 30. Rh7 Kg8 31. Rhg7+ Kf8 32. Rh7 Kg8  1/2-1/2

[Event "1. OEsterreichische Internet Schach Meisterschaft - Vorrunde 2"]
[Site "Online - Playchess.com"]
[Date ""]
[Round "1"]
[Board "54"]
[White "Schloffer, Jasmin-Denise"]
[Black "Ussar, Reinhard"]
[Result "1-0"]
[WhiteElo "2110"]
[BlackElo "1676"]
[PlyCount "53"]
[EventDate "2020.04.13"]
[EventRounds "9"]
[EventCountry "AUT"]

1. d4 d5 2. c4 Nf6 3. cxd5 Nxd5 4. e4 Nb6 5. Nc3 e6 6. Nf3 Nc6 7. Bb5 Bd7 8. O-O
h6 9. Be3 a6 10. Bd3 g5 11. h3 Qf6 12. e5 Qg7 13. Ne4 Be7 14. Nh2 O-O-O 15. Ng4 h5
16. Ngf6 g4 17. h4 Nd5 18. Nxd7 Kxd7 19. g3 f5 20. Nc3 f4 21. Nxd5 exd5 22. Bxf4
Rdf8 23. Be2 Rxf4 24. gxf4 Bxh4 25. Qd3 Rf8 26. f5 g3 27. e6+  1-0

[Event "1. OEsterreichische Internet Schach Meisterschaft - Vorrunde 2"]
[Site "Online - Playchess.com"]
[Date ""]
[Round "1"]
[Board "55"]
[White "Stolzlechner, Andreas"]
[Black "Hofer, Maximilian"]
[Result "0-1"]
[WhiteElo "1835"]
[BlackElo "2108"]
[PlyCount "124"]
[EventDate "2020.04.13"]
[EventRounds "9"]
[EventCountry "AUT"]

1. e4 e5 2. Nf3 Nc6 3. Bc4 Nf6 4. d3 Be7 5. O-O O-O 6. c3 d5 7. exd5 Nxd5 8. h3 a5
9. Re1 Nb6 10. Bb3 a4 11. Bc2 Bd6 12. Bg5 f6 13. Be3 Nd5 14. Bxa4 Nxe3 15. fxe3 Ne7
16. Bb3+ Kh8 17. Nbd2 Ng6 18. Ne4 Be7 19. Qe2 f5 20. Ned2 b5 21. Rf1 Bb7 22. Rad1
Bd6 23. e4 Nf4 24. Qe3 Qe7 25. d4 Rad8 26. Kh1 fxe4 27. Nh2 exd4 28. cxd4 Qg5 29.
Rg1 c5 30. Nxe4 Bxe4 31. Qxe4 Rde8 32. Qf3 Re2 33. Qg4 Qe7 34. dxc5 Bxc5 35. Rge1
Rxe1+ 36. Nf1 Rxd1 37. Qxd1 Ng6 38. Ng3 Qe5 39. Kh2 Bd6 40. Qg4 Ne7 41. Bc2 g6 42.
h4 Nf5 43. Bxf5 gxf5 44. Qf3 Qxg3+ 45. Qxg3 Bxg3+ 46. Kxg3 Ra8 47. a3 b4 48. Kf4
bxa3 49. bxa3 Rxa3 50. Kxf5 Kg7 51. g4 h6 52. g5 h5 53. g6 Ra5+ 54. Kf4 Kxg6 55.
Kg3 Kf5 56. Kh3 Ra3+ 57. Kg2 Kg4 58. Kf2 Rd3 59. Kg2 Re3 60. Kh1 Rf3 61. Kg1 Kg3
62. Kh1 Rf1#  0-1

[Event "1. OEsterreichische Internet Schach Meisterschaft - Vorrunde 2"]
[Site "Online - Playchess.com"]
[Date ""]
[Round "1"]
[Board "56"]
[White "Balint, Peter"]
[Black "Moerzinger, Christian Jun."]
[Result "1-0"]
[WhiteElo "2105"]
[BlackElo "1638"]
[PlyCount "73"]
[EventDate "2020.04.13"]
[EventRounds "9"]
[EventCountry "AUT"]

1. e4 e5 2. Nf3 Nc6 3. d4 exd4 4. Nxd4 Qf6 5. Be3 Bc5 6. c3 Nge7 7. Bc4 O-O 8. O-O
d6 9. Nxc6 Nxc6 10. Bxc5 dxc5 11. f4 Be6 12. e5 Qf5 13. Bd3 Rad8 14. Bxf5 Rxd1 15.
Bxh7+ Kxh7 16. Rxd1 Bf5 17. Nd2 Ne7 18. h3 Rd8 19. Nf3 Re8 20. g4 Be4 21. Ng5+ Kh6
22. Nxe4 c6 23. Rd7 Nd5 24. Rxf7 Ne3 25. Nd6 Rd8 26. Rxb7 Nc2 27. Rc1 Ne3 28. Nf7+
Kg6 29. Nxd8 Nd5 30. Nxc6 Nxf4 31. Kh2 Nd3 32. Rf1 Nxb2 33. Ne7+ Kh7 34. Nf5 Nc4
35. Rxg7+ Kh8 36. Rd1 Nxe5 37. Rd8#  1-0

[Event "1. OEsterreichische Internet Schach Meisterschaft - Vorrunde 2"]
[Site "Online - Playchess.com"]
[Date ""]
[Round "1"]
[Board "58"]
[White "Maierhofer, Johann"]
[Black "Ressmann, Walter"]
[Result "1-0"]
[WhiteElo "2087"]
[BlackElo "1868"]
[PlyCount "139"]
[EventDate "2020.04.13"]
[EventRounds "9"]
[EventCountry "AUT"]

1. e4 e6 2. d4 d5 3. Nd2 dxe4 4. Nxe4 Be7 5. Nf3 Nf6 6. Bd3 Nbd7 7. O-O b6 8. Re1
Bb7 9. Qe2 O-O 10. Bf4 Nxe4 11. Bxe4 Bxe4 12. Qxe4 Nf6 13. Qd3 c5 14. Rad1 cxd4 15.
Qxd4 Qxd4 16. Rxd4 Rfd8 17. Red1 Nd5 18. Bc1 Bf6 19. R4d2 Rac8 20. c3 Kf8 21. Kf1
Ke7 22. g3 Nc7 23. Rxd8 Rxd8 24. Rxd8 Kxd8 25. Bg5 Ke7 26. Bxf6+ Kxf6 27. Ke2 Ke7
28. Kd3 h6 29. Nd4 Kd7 30. Ke4 Nd5 31. Nb5 a6 32. Nd4 Nf6+ 33. Kf3 Nd5 34. h3 Kd6
35. Ke4 Nf6+ 36. Kd3 Nd5 37. Nc2 Kc5 38. a4 e5 39. b4+ Kd6 40. c4 Ne7 41. Ne3 Ke6
42. Ng4 f5 43. Ne3 e4+ 44. Kd4 Nc6+ 45. Kc3 Ne7 46. Nc2 Nc6 47. b5 axb5 48. cxb5
Ne5 49. Ne3 g5 50. Nc4 Nd7 51. Kd4 h5 52. a5 bxa5 53. Nxa5 Nb6 54. Nc6 Kd6 55. Ne5
Ke6 56. Nc4 Nxc4 57. Kxc4 f4 58. gxf4 gxf4 59. Kd4 e3 60. fxe3 fxe3 61. Kxe3 Kd5
62. Kf4 h4 63. Kg4 Kc5 64. Kxh4 Kxb5 65. Kg5 Kc6 66. Kg6 Kd6 67. h4 Ke7 68. Kg7 Ke6
69. h5 Kf5 70. h6  1-0

[Event "1. OEsterreichische Internet Schach Meisterschaft - Vorrunde 2"]
[Site "Online - Playchess.com"]
[Date ""]
[Round "1"]
[Board "59"]
[White "Wilplinger, Hugo"]
[Black "Mira, Helene"]
[Result "0-1"]
[WhiteElo "1629"]
[BlackElo "2082"]
[PlyCount "70"]
[EventDate "2020.04.13"]
[EventRounds "9"]
[EventCountry "AUT"]

1. e4 e5 2. Nf3 Nc6 3. Bc4 Nf6 4. d3 Qe7 5. Ng5 Nd8 6. O-O h6 7. Nf3 d6 8. h3 c6
9. a3 Be6 10. Bxe6 Nxe6 11. Nc3 g5 12. Nh2 h5 13. Be3 a6 14. b4 Rg8 15. Kh1 g4 16.
h4 g3 17. fxg3 Rxg3 18. Bf2 Rg6 19. d4 O-O-O 20. d5 cxd5 21. Nxd5 Nxd5 22. exd5 Nf4
23. g3 Nh3 24. Be1 Bh6 25. Qxh5 Be3 26. Qe2 Bh6 27. b5 axb5 28. Qxb5 Rdg8 29. Rb1
Be3 30. Qc4+ Qc7 31. Qe2 Bc5 32. a4 Qe7 33. c4 Qxh4 34. gxh4 Rg1+ 35. Rxg1 Rxg1#
 0-1

[Event "1. OEsterreichische Internet Schach Meisterschaft - Vorrunde 2"]
[Site "Online - Playchess.com"]
[Date ""]
[Round "1"]
[Board "60"]
[White "Kapferer, Romed"]
[Black "Buchner, Martin"]
[Result "1-0"]
[WhiteElo "2081"]
[BlackElo "1777"]
[PlyCount "57"]
[EventDate "2020.04.13"]
[EventRounds "9"]
[EventCountry "AUT"]

1. e4 e6 2. d4 d5 3. Nc3 Nf6 4. Bg5 Be7 5. e5 Nfd7 6. h4 a6 7. Qg4 c5 8. Bxe7 Qxe7
9. Qxg7 Rf8 10. Nf3 Nc6 11. O-O-O cxd4 12. Nxd4 Nxd4 13. Rxd4 b5 14. Bd3 h5 15. g4
hxg4 16. Rxg4 Bb7 17. Rhg1 Nc5 18. h5 Nxd3+ 19. cxd3 O-O-O 20. h6 Kb8 21. h7 Rh8
22. Rh1 Rc8 23. Kb1 d4 24. Ne4 Bxe4 25. dxe4 Qc5 26. Qxh8 Qc2+ 27. Ka1 Qc1+ 28. Rxc1
Rxh8 29. Rg8+  1-0

[Event "1. OEsterreichische Internet Schach Meisterschaft - Vorrunde 2"]
[Site "Online - Playchess.com"]
[Date ""]
[Round "1"]
[Board "61"]
[White "Kessler, Manuel"]
[Black "Moritz, Christian"]
[Result "0-1"]
[WhiteElo "1731"]
[BlackElo "2077"]
[PlyCount "134"]
[EventDate "2020.04.13"]
[EventRounds "9"]
[EventCountry "AUT"]

1. d4 e6 2. c4 Bb4+ 3. Bd2 a5 4. a3 Be7 5. Nc3 d5 6. e4 dxe4 7. Nxe4 Qxd4 8. Nc3
Bc5 9. Qf3 Qf6 10. Bd3 Qxf3 11. Nxf3 Nf6 12. Nb5 Na6 13. Nbd4 Rb8 14. O-O O-O 15.
h3 c6 16. Be3 Rd8 17. Be2 a4 18. Rad1 Bd7 19. Rd3 Be7 20. Rfd1 Nc5 21. R3d2 Nce4
22. Rc2 c5 23. Nb5 Bxb5 24. Rxd8+ Rxd8 25. cxb5 b6 26. Ne5 Nd5 27. Bf3 Nxe3 28. fxe3
Nd2 29. Nc6 Nxf3+ 30. gxf3 Rd7 31. Nxe7+ Rxe7 32. Rd2 Re8 33. Rd6 Rb8 34. Rd7 Kf8
35. Ra7 Ke8 36. Rxa4 Rd8 37. Ra6 Rd6 38. Kf2 Ke7 39. e4 e5 40. Ke3 g6 41. Ra7+ Ke6
42. a4 Rd4 43. Rb7 Rd6 44. b3 h5 45. h4 f5 46. f4 fxe4 47. Kxe4 Rd4+ 48. Ke3 exf4+
49. Kf3 Kf5 50. Rxb6 Rd3+ 51. Ke2 Rxb3 52. a5 f3+ 53. Kf2 g5 54. a6 Ra3 55. Rb7 gxh4
56. a7 Ke4 57. Re7+ Kd5 58. b6 Kc6 59. Re6+ Kb7 60. Rd6 c4 61. Rf6 h3 62. Kg3 h2
63. Kxh2 f2 64. Kg2 Ra2 65. Rf7+ Kxb6 66. Rxf2 Rxf2+ 67. Kxf2 Kxa7  0-1

[Event "1. OEsterreichische Internet Schach Meisterschaft - Vorrunde 2"]
[Site "Online - Playchess.com"]
[Date ""]
[Round "1"]
[Board "62"]
[White "Dreher, David"]
[Black "Nisavic, Uros"]
[Result "0-1"]
[WhiteElo "1888"]
[BlackElo "2073"]
[PlyCount "68"]
[EventDate "2020.04.13"]
[EventRounds "9"]
[EventCountry "AUT"]

1. d4 d5 2. Bf4 e6 3. e3 Nf6 4. c3 Bd6 5. Bg3 b6 6. Nd2 Bb7 7. Ngf3 O-O 8. Bd3 c5
9. Bxd6 Qxd6 10. Ne5 Nbd7 11. f4 Ne4 12. O-O f5 13. Ndf3 Rf6 14. Nxd7 Qxd7 15. Ne5
Qe8 16. Bxe4 fxe4 17. Rf2 Ba6 18. Qg4 cxd4 19. cxd4 Rc8 20. f5 exf5 21. Rxf5 Rxf5
22. Qxf5 Rc2 23. b4 Bc8 24. Qf4 Qf8 25. Qxf8+ Kxf8 26. Kf1 Ba6+ 27. Kg1 Ke7 28. a4
Rc3 29. Kf2 Rc2+ 30. Kg3 Re2 31. Ra3 Bd3 32. Kf4 Rxg2 33. Nc6+ Kf6 34. Nxa7 g5#  0-1

[Event "1. OEsterreichische Internet Schach Meisterschaft - Vorrunde 2"]
[Site "Online - Playchess.com"]
[Date ""]
[Round "1"]
[Board "63"]
[White "Charaus, Florian"]
[Black "Hofer, Martin"]
[Result "1-0"]
[WhiteElo "2055"]
[BlackElo "1603"]
[PlyCount "87"]
[EventDate "2020.04.13"]
[EventRounds "9"]
[EventCountry "AUT"]

1. d4 d5 2. c4 c6 3. Nf3 Nf6 4. Nc3 e6 5. Bg5 Be7 6. cxd5 exd5 7. e3 O-O 8. Bd3 Nbd7
9. O-O h6 10. Bh4 Ng4 11. Bxe7 Qxe7 12. Qc2 Ngf6 13. Rab1 Re8 14. b4 Nf8 15. a4 Ne6
16. b5 Bd7 17. Ne5 cxb5 18. Nxb5 Bxb5 19. Rxb5 Rec8 20. Qe2 a6 21. Rb2 Rc7 22. f4
Rac8 23. g4 Nd7 24. Qg2 Nxe5 25. fxe5 Rc3 26. Rd2 Qd7 27. Qf3 Ng5 28. Qg3 Rc1 29.
h4 Rxf1+ 30. Kxf1 Rc1+ 31. Kg2 Ne6 32. g5 hxg5 33. hxg5 Qxa4 34. g6 Qa1 35. gxf7+
Kf8 36. Kf3 Rf1+ 37. Bxf1 Qc1 38. Qf2 Ng5+ 39. Kg2 Ne4 40. Rc2 Nxf2 41. Rxc1 Ne4
42. Rc7 Ng5 43. Rxb7 Nxf7 44. Ra7  1-0

[Event "1. OEsterreichische Internet Schach Meisterschaft - Vorrunde 2"]
[Site "Online - Playchess.com"]
[Date ""]
[Round "1"]
[Board "64"]
[White "Teuschler, Hugo"]
[Black "Koglbauer, Uwe"]
[Result "1-0"]
[WhiteElo "2055"]
[BlackElo "1666"]
[PlyCount "41"]
[EventDate "2020.04.13"]
[EventRounds "9"]
[EventCountry "AUT"]

1. e4 c5 2. Nf3 d6 3. d4 cxd4 4. Nxd4 Nf6 5. Nc3 g6 6. Be3 Bg7 7. f3 a6 8. Qd2 h5
9. O-O-O Bd7 10. Kb1 Nc6 11. h4 b5 12. Be2 b4 13. Nd5 Nxd5 14. exd5 Nxd4 15. Bxd4
O-O 16. Bxg7 Kxg7 17. g4 hxg4 18. fxg4 Qb6 19. h5 a5 20. hxg6 fxg6 21. Qh6+  1-0

[Event "1. OEsterreichische Internet Schach Meisterschaft - Vorrunde 2"]
[Site "Online - Playchess.com"]
[Date ""]
[Round "1"]
[Board "65"]
[White "Wiedermann, Daniel"]
[Black "Kainz, Josef"]
[Result "1-0"]
[WhiteElo "2048"]
[BlackElo "2005"]
[PlyCount "43"]
[EventDate "2020.04.13"]
[EventRounds "9"]
[EventCountry "AUT"]

1. d4 Nf6 2. c4 g6 3. f3 d5 4. cxd5 Nxd5 5. e4 Nb6 6. Nc3 Bg7 7. Be3 O-O 8. Qd2 c6
9. h4 h5 10. O-O-O a5 11. g4 hxg4 12. h5 g3 13. Bh6 e5 14. Bxg7 Kxg7 15. hxg6 Rh8
16. Rxh8 Qxh8 17. gxf7 N8d7 18. Qg5+ Kxf7 19. dxe5 Nxe5 20. Rd8 Qf6 21. Qg8+ Ke7
22. Qe8#  1-0

[Event "1. OEsterreichische Internet Schach Meisterschaft - Vorrunde 2"]
[Site "Online - Playchess.com"]
[Date ""]
[Round "1"]
[Board "67"]
[White "Kanzian, Heinz"]
[Black "Riemelmoser, Stefan"]
[Result "0-1"]
[WhiteElo "1642"]
[BlackElo "2046"]
[PlyCount "80"]
[EventDate "2020.04.13"]
[EventRounds "9"]
[EventCountry "AUT"]

1. e4 e6 2. Nf3 d5 3. exd5 exd5 4. d4 Bg4 5. Be2 Bd6 6. h3 Bf5 7. c3 Nc6 8. O-O Qd7
9. Nh2 h5 10. Na3 O-O-O 11. Nb5 Bxh2+ 12. Kxh2 f6 13. Bd3 g5 14. Bxf5 Qxf5 15. f4
g4 16. h4 Nge7 17. g3 a6 18. Na3 Kb8 19. Qc2 Rhe8 20. Qxf5 Nxf5 21. Rf2 Re1 22. b4
Rde8 23. Nc2 R1e2 24. Kg2 Na7 25. Kf1 Rxf2+ 26. Kxf2 Nb5 27. Bb2 Kc8 28. a4 Nbd6
29. b5 axb5 30. axb5 Nxb5 31. Ra8+ Kd7 32. Rxe8 Kxe8 33. Nb4 c6 34. Nd3 Nbd6 35.
Nc5 b6 36. Ne6 Nc4 37. Ba1 Kd7 38. Nf8+ Ke7 39. Ng6+ Kf7 40. Nh8+ Kg7  0-1

[Event "1. OEsterreichische Internet Schach Meisterschaft - Vorrunde 2"]
[Site "Online - Playchess.com"]
[Date ""]
[Round "1"]
[Board "68"]
[White "Meglitsch, Konstantin"]
[Black "Wurzer, Gerhard"]
[Result "1-0"]
[WhiteElo "2041"]
[BlackElo "1889"]
[PlyCount "63"]
[EventDate "2020.04.13"]
[EventRounds "9"]
[EventCountry "AUT"]

1. e4 c6 2. d4 Qc7 3. Nf3 d6 4. Bc4 e6 5. O-O Be7 6. a4 e5 7. c3 Nf6 8. Re1 O-O 9.
Bg5 Nbd7 10. h3 Re8 11. Qb3 Rf8 12. Nbd2 a5 13. Rac1 Nb6 14. Bd3 Be6 15. Qc2 Bc8
16. Nf1 Nbd7 17. Ng3 Re8 18. Nf5 Bf8 19. N3h4 Rb8 20. Qe2 g6 21. Nh6+ Kg7 22. Qf3
Be7 23. Qg3 Nh5 24. Qe3 Nhf6 25. f4 Nf8 26. f5 Bd7 27. Rf1 Qd8 28. Rf2 Ng8 29. Bxe7
Qxe7 30. f6+ Nxf6 31. Rcf1 Nh5 32. Rxf7+  1-0

[Event "1. OEsterreichische Internet Schach Meisterschaft - Vorrunde 2"]
[Site "Online - Playchess.com"]
[Date ""]
[Round "1"]
[Board "69"]
[White "Lerch, Johannes"]
[Black "Kreutzmann, Duke"]
[Result "1-0"]
[WhiteElo "2005"]
[BlackElo "2036"]
[PlyCount "139"]
[EventDate "2020.04.13"]
[EventRounds "9"]
[EventCountry "AUT"]

1. e4 e6 2. d4 d5 3. Nd2 c5 4. exd5 Qxd5 5. Ngf3 cxd4 6. Bc4 Qd6 7. O-O Nf6 8. Nb3
Nc6 9. Nbxd4 Nxd4 10. Nxd4 a6 11. c3 Qc7 12. Bb3 Bd6 13. g3 O-O 14. Re1 h6 15. Be3
b5 16. Qe2 e5 17. Nf3 Bg4 18. h3 Bxh3 19. Qd2 e4 20. Nh2 Rad8 21. Qe2 Bxg3 22. fxg3
Qxg3+ 23. Kh1 Ng4 24. Bg1 e3 25. Qf3 Nf2+ 26. Bxf2 Qxf3+ 27. Nxf3 exf2 28. Rec1 Rd3
29. Nd4 Re8 30. Kh2 Rde3 31. Rf1 Bxf1 32. Rxf1 R8e7 33. Rxf2 R3e4 34. Kg2 Re3 35.
Kh2 R3e4 36. Kg2 Rg4+ 37. Kf1 h5 38. Rg2 Rf4+ 39. Kg1 Re1+ 40. Kh2 Rh4+ 41. Kg3 Rg4+
42. Kf2 Rxg2+ 43. Kxg2 Rb1 44. Bd5 Rxb2+ 45. Kg3 g6 46. Nc6 Kg7 47. Nb8 a5 48. Nc6
a4 49. Nb4 Rd2 50. Bc6 g5 51. Bxb5 h4+ 52. Kh3 Re2 53. Bxe2 f5 54. Nd5 Kf7 55. Ne3
Ke6 56. Bb5 Ke5 57. Ng2 Ke4 58. c4 f4 59. Nxh4 gxh4 60. Kxh4 f3 61. Bc6+ Ke3 62.
Bxf3 Kxf3 63. c5 Ke4 64. c6 Kd3 65. c7 Kc2 66. c8=Q+ Kb2 67. Qc4 a3 68. Qb3+ Ka1
69. Qxa3 Kb1 70. Qa8  1-0

[Event "1. OEsterreichische Internet Schach Meisterschaft - Vorrunde 2"]
[Site "Online - Playchess.com"]
[Date ""]
[Round "1"]
[Board "71"]
[White "Mittelbach, Eduard"]
[Black "Kozissnik, Christian"]
[Result "0-1"]
[WhiteElo "1667"]
[BlackElo "2023"]
[PlyCount "62"]
[EventDate "2020.04.13"]
[EventRounds "9"]
[EventCountry "AUT"]

1. e4 e6 2. d4 d5 3. Nc3 Nf6 4. Bg5 Bb4 5. exd5 exd5 6. Bd3 O-O 7. Nge2 Bg4 8. O-O
c6 9. f3 Bh5 10. Nf4 Bg6 11. Nxg6 hxg6 12. Re1 Nbd7 13. f4 Bd6 14. f5 gxf5 15. Bxf5
Qc7 16. h3 Rfe8 17. Qf3 Bg3 18. Rf1 Rf8 19. Bxd7 Nxd7 20. Be7 Bd6 21. Bxf8 Rxf8 22.
Ne2 Nf6 23. Nf4 Qb6 24. c3 Qxb2 25. Rab1 Qd2 26. Rxb7 Bxf4 27. Qxf4 Qxc3 28. Rf3
Qa1+ 29. Kh2 Qxa2 30. Rg3 Nh5 31. Rxg7+ Nxg7  0-1

[Event "1. OEsterreichische Internet Schach Meisterschaft - Vorrunde 2"]
[Site "Online - Playchess.com"]
[Date ""]
[Round "1"]
[Board "72"]
[White "Ticar, Clemens"]
[Black "Hessenberger, Andreas"]
[Result "1/2-1/2"]
[WhiteElo "1753"]
[BlackElo "2019"]
[PlyCount "102"]
[EventDate "2020.04.13"]
[EventRounds "9"]
[EventCountry "AUT"]

1. Nf3 d5 2. c4 d4 3. d3 c5 4. g3 Nc6 5. Bg2 e5 6. O-O Bd6 7. e3 Nge7 8. exd4 exd4
9. Re1 O-O 10. Nbd2 h6 11. Ne4 Bg4 12. Nxd6 Qxd6 13. Qc2 Ng6 14. h4 h5 15. Ng5 Rfe8
16. Ne4 Qf8 17. Bg5 f6 18. Bd2 f5 19. Ng5 Qf6 20. Rxe8+ Rxe8 21. Re1 Rxe1+ 22. Bxe1
f4 23. Ne4 Qe5 24. f3 Bf5 25. Qb3 fxg3 26. Bxg3 Qe7 27. Nd6 Qe6 28. Qxb7 Nce5 29.
f4 Qxd6 30. fxe5 Qd7 31. Bd5+ Kh7 32. Qxd7 Bxd7 33. e6 Be8 34. Bd6 Nxh4 35. Bxc5
Nf5 36. Be4 g6 37. Bxf5 gxf5 38. Bxd4 Kg6 39. Be5 f4 40. d4 Kf5 41. Bb8 Kxe6 42.
Bxa7 Bf7 43. Kf2 Kd6 44. Kf3 Bxc4 45. Bb8+ Kd5 46. Bxf4 Kxd4 47. Bg5 Bxa2 48. Kg3
Kc4 49. Kh4 Kb3 50. Kxh5 Kxb2 51. Bf6+ Kb1  1/2-1/2

[Event "1. OEsterreichische Internet Schach Meisterschaft - Vorrunde 2"]
[Site "Online - Playchess.com"]
[Date ""]
[Round "1"]
[Board "73"]
[White "Knoll, Martin"]
[Black "Haselsberger, Armin"]
[Result "1-0"]
[WhiteElo "2018"]
[BlackElo "1395"]
[PlyCount "45"]
[EventDate "2020.04.13"]
[EventRounds "9"]
[EventCountry "AUT"]

1. d4 d5 2. Nc3 Nf6 3. e4 Nxe4 4. Nxe4 dxe4 5. f3 exf3 6. Nxf3 Bf5 7. Bc4 e6 8. O-O
Bd6 9. c3 O-O 10. Qb3 b6 11. Ng5 h6 12. Nxf7 Kxf7 13. Rxf5+ Ke8 14. Rxf8+ Kxf8 15.
g3 e5 16. Be3 exd4 17. Rf1+ Ke7 18. Bxd4 Nd7 19. Bxg7 Nc5 20. Bf6+ Kd7 21. Be6+ Nxe6
22. Bxd8 Rxd8 23. Rf7+  1-0

[Event "1. OEsterreichische Internet Schach Meisterschaft - Vorrunde 2"]
[Site "Online - Playchess.com"]
[Date ""]
[Round "1"]
[Board "74"]
[White "Miazhynski, Michael"]
[Black "Sulzbacher, Michael"]
[Result "0-1"]
[WhiteElo "1827"]
[BlackElo "2018"]
[PlyCount "72"]
[EventDate "2020.04.13"]
[EventRounds "9"]
[EventCountry "AUT"]

1. Nf3 g6 2. g3 Bg7 3. Bg2 d6 4. O-O e5 5. d3 Ne7 6. e4 O-O 7. Nc3 h6 8. Ne1 Kh7
9. f4 f5 10. Nf3 Nbc6 11. h3 a6 12. Kh2 Be6 13. Qe2 Qd7 14. Bd2 Rae8 15. Rae1 Bg8
16. Qd1 Nd4 17. exf5 Nexf5 18. Nxd4 Nxd4 19. fxe5 Bxe5 20. Rxf8 Rxf8 21. Ne4 d5 22.
Nc3 Qd6 23. Qg4 Be6 24. Qh4 Nf5 25. Qa4 Bxg3+ 26. Kg1 b5 27. Qb3 Bxe1 28. Bxe1 Ne3
29. Bf2 Nxg2 30. Kxg2 d4 31. Ne4 Bxb3 32. Nxd6 Bxc2 33. Ne4 Bxd3 34. Nc5 Bc4 35.
b3 Bd5+ 36. Kg3 Rf3+  0-1

[Event "1. OEsterreichische Internet Schach Meisterschaft - Vorrunde 2"]
[Site "Online - Playchess.com"]
[Date ""]
[Round "1"]
[Board "75"]
[White "Lammer, Michael"]
[Black "Waldner, Alois"]
[Result "0-1"]
[WhiteElo "1499"]
[BlackElo "2018"]
[PlyCount "82"]
[EventDate "2020.04.13"]
[EventRounds "9"]
[EventCountry "AUT"]

1. e4 e5 2. Nf3 Nc6 3. d4 exd4 4. Nxd4 Nf6 5. Nxc6 bxc6 6. e5 Nd5 7. Nc3 Nxc3 8.
bxc3 Bc5 9. Bc4 O-O 10. O-O d5 11. exd6 cxd6 12. Bf4 d5 13. Bd3 Qf6 14. Bg3 Re8 15.
Qh5 g6 16. Qh6 Qxc3 17. h3 Bf8 18. Qg5 Bg7 19. Qc1 c5 20. Rb1 c4 21. Bxc4 dxc4 22.
Rd1 Bf5 23. Rd2 Bh6 24. f4 Qxg3 25. Rf2 Re4 26. Qd2 Rae8 27. Rbf1 Bxh3 28. Rf3 Qxg2+
29. Qxg2 Bxg2 30. Kxg2 Re2+ 31. Kg3 Rxc2 32. Ra3 Re7 33. Rd1 Kg7 34. f5 gxf5 35.
Kh4 Re4+ 36. Kh3 Rg4 37. Rd7 Bf4 38. Rxf7+ Kxf7 39. Rxa7+ Kg6 40. Ra6+ Kg5 41. a4
Rh2#  0-1

[Event "1. OEsterreichische Internet Schach Meisterschaft - Vorrunde 2"]
[Site "Online - Playchess.com"]
[Date ""]
[Round "1"]
[Board "76"]
[White "Wimmer, Michael"]
[Black "Breneis, Gerhard"]
[Result "0-1"]
[WhiteElo "1559"]
[BlackElo "1990"]
[PlyCount "126"]
[EventDate "2020.04.13"]
[EventRounds "9"]
[EventCountry "AUT"]

1. e4 c5 2. Nf3 e6 3. d4 cxd4 4. Nxd4 Nf6 5. Nc3 d6 6. Be2 a6 7. Be3 b5 8. a3 Bb7
9. f3 Nc6 10. O-O Be7 11. Kh1 O-O 12. Qd2 Qc7 13. Rad1 Rfd8 14. Bd3 Rac8 15. Qf2
Nd7 16. Nb3 Nce5 17. Rfe1 Nxd3 18. cxd3 d5 19. Rc1 Qd6 20. Ne2 dxe4 21. dxe4 Ne5
22. Bf4 Nd3 23. Bxd6 Nxf2+ 24. Kg1 Bxd6 25. Kxf2 Kf8 26. h3 Ke7 27. Red1 Bb8 28.
Ned4 Ba7 29. Ke2 Rxc1 30. Rxc1 Bxd4 31. Rc7+ Kf6 32. Nxd4 Ba8 33. Ke3 h6 34. f4 e5
35. fxe5+ Kxe5 36. Nc6+ Bxc6 37. Rxc6 Rd1 38. Rxa6 Re1+ 39. Kf2 Rb1 40. b4 Rb2+ 41.
Kf3 Rb3+ 42. Kf2 Kxe4 43. Ra7 f5 44. Re7+ Kd4 45. Rd7+ Kc3 46. Rc7+ Kb2 47. Rxg7
Kxa3 48. Ra7+ Kxb4 49. Ke2 Rb2+ 50. Kf3 Kb3 51. Rb7 b4 52. g4 fxg4+ 53. hxg4 Rh2
54. Ke3 Kc3 55. Rc7+ Kb2 56. Kd3 b3 57. Rb7 Rh3+ 58. Kc4 Kc2 59. Kb4 b2 60. Kc4 b1=Q
61. Rxb1 Kxb1 62. Kd4 Rh4 63. Ke4 Rxg4+  0-1

[Event "1. OEsterreichische Internet Schach Meisterschaft - Vorrunde 2"]
[Site "Online - Playchess.com"]
[Date ""]
[Round "1"]
[Board "77"]
[White "Bauer, Wolfgang"]
[Black "Kubik, Gerhard"]
[Result "0-1"]
[WhiteElo "1526"]
[BlackElo "1985"]
[PlyCount "44"]
[EventDate "2020.04.13"]
[EventRounds "9"]
[EventCountry "AUT"]

1. d4 Nf6 2. c4 c5 3. d5 b5 4. b3 g6 5. Bb2 Bg7 6. Qc2 d6 7. Nd2 bxc4 8. bxc4 O-O
9. Ngf3 e6 10. e4 exd5 11. exd5 Re8+ 12. Be2 Qe7 13. Qd1 Bg4 14. Kf1 Nbd7 15. h3
Bxf3 16. Bxf3 Ne5 17. Bxe5 Qxe5 18. Rb1 Qd4 19. g3 Rab8 20. Rxb8 Rxb8 21. Kg2 Rb2
22. Nb3 Qxf2#  0-1

[Event "1. OEsterreichische Internet Schach Meisterschaft - Vorrunde 2"]
[Site "Online - Playchess.com"]
[Date ""]
[Round "1"]
[Board "78"]
[White "Huber, Guenther"]
[Black "Kaltenbeck, Dieter"]
[Result "1-0"]
[WhiteElo "1979"]
[BlackElo "1314"]
[PlyCount "45"]
[EventDate "2020.04.13"]
[EventRounds "9"]
[EventCountry "AUT"]

1. c4 c6 2. g3 e5 3. Bg2 Nf6 4. Nc3 Bc5 5. e3 O-O 6. Nge2 d6 7. O-O Bg4 8. a3 Nbd7
9. b4 Bb6 10. Bb2 Bc7 11. d4 Re8 12. Qd2 exd4 13. Nxd4 d5 14. cxd5 cxd5 15. Nxd5
Be6 16. Nxf6+ Nxf6 17. Rad1 Bb6 18. Nxe6 Qxd2 19. Rxd2 Rxe6 20. Bxb7 Rb8 21. Bd5
Rd6 22. Bxf6 gxf6 23. Bxf7+  1-0